MARC

LEADER 00000nam0a2200000 4500
001 363058
005 20231102011542.0
035 |a (RuTPU)RU\TPU\retro\20405 
090 |a 363058 
100 |a 20210915d1964 k y0rusy50 ca 
101 0 |a rus 
102 |a RU 
105 |a y z 001zy 
200 1 |a О составе кембрийских известняков некоторых разрезов Саяно-Алтайской области  |e [отдельный оттиск]  |f А. Ф. Сенаколис  |g Томский политехнический институт 
210 |a Томск  |c Изд-во ТПИ  |d 1964 
215 |a С. 199-207 
225 1 |a Известия Томского политехнического института  |v Т. 127, вып. 1 
316 |5 63413507: КР-7174  |a На титульном листе дарственная надпись: "Многоуважаемому С. С. Гудымовичу от автора 26 марта 1965 г." 
317 |5 63413507: КР-7174  |a Поступил в НТБ в 2004 г. в составе книжного собрания кафедры общей геологии 
320 |a Библиогр. в конце ст. 
606 1 |a Известняки  |x Петрография  |2 stltpush  |3 (RuTPU)RU\TPU\subj\12202  |9 39031 
606 1 |a Кембрийские отложения  |2 stltpush  |3 (RuTPU)RU\TPU\subj\14267  |9 40708 
610 1 |a геология 
610 1 |a Саяно-Алтайская область 
610 1 |a карбонатные породы 
610 1 |a биогермные известняки 
610 1 |a обломочные изестняки 
610 1 |a химический состав 
610 1 |a литологические типы 
610 1 |a геологическое строение 
610 1 |a оттиски 
610 1 |a Коллекция кафедры общей геологии 
610 1 |a дарственные надписи 
610 1 |a дары автора 
610 1 |a дары библиотеке 
675 |a 551.732  |v 4 
675 |a 552.54  |v 4 
700 1 |a Сенаколис  |b А. Ф. 
702 1 |a Гудымович  |b С. С.  |c горный инженер, геолог  |c доцент Томского политехнического университета, кандидат геолого-минералогических наук  |f 1933-  |g Сергей Сергеевич  |2 stltpush  |3 (RuTPU)RU\TPU\pers\20757  |4 390 
712 0 2 |a Томский политехнический институт  |c (1944-1991)  |2 stltpush  |3 (RuTPU)RU\TPU\col\1123  |9 23521 
801 1 |a RU  |b 63413507  |c 20210915 
801 2 |a RU  |b 63413507  |c 20220228  |g RCR 
942 |c BK